000 01106nam a2200241Ii 4500
003 JO-AjNU
005 20240625101541.0
008 230605s9999||||xx |||||||||||||| ||und||
040 _aJO-AjNU
_bara
_erda
_cJO-AjNU
041 _aara
050 1 4 _aHD30.2.2020
100 1 _aعمايرة، امال محمود ناصر
_eمعد
_965591
245 1 0 _aأثر ذكاء الاعمال في تحقيق الريادة الاستراتيجية في البنوك التجارية الاردنية=The Impact of Business Intellingence in Achieving Strategic Entrepreneurship in Jordanian Commercial Banks /
260 _c2020
300 _a138 ورقة
336 _atext
_btxt
_2rdacontent
337 _aunmediated
_bn
_2rdamedia
338 _avolume
_bnc
_2rdacarrier
500 _aرسالة جامعية ( اطروحة ماجستير) جامعة عجلون الوطنية: كلية ادارة الاعمال ، تخصص ادارة الاعمال،2020
650 7 _aالادارة-ذكاء الاعمال
_961253
700 1 _aالزعبي، علي فلاح مفلح
_959270
_eمشرف
942 _2lcc
_cTHS
999 _c31241
_d31241